History Quiz

Random History or Nation Quiz

Countries of the Italian Empire Quiz Stats

 Plays Quiz Updated Oct 14, 2016

Challenge
Share
Tweet
Embed
Score 0/15 Timer 06:00
3 Plays Today
Years in Empire Modern Country % Correct
1861-2011Italy
87.9%
1942-1943France
82.8%
1912-1945Greece
80.4%
1870-1929Vatican City
66.3%
1911-1942Libya
63.6%
1861-1947Croatia
63%
1941-1943Slovenia
59.5%
1936-1942Ethiopia
58.8%
Years in Empire Modern Country % Correct
1914-1943Albania
58.6%
1919-1921Turkey
58.1%
1941-1944Montenegro
45.7%
1889-1960Somalia
45.1%
1882-1941Eritrea
42.6%
1941-1943Kosovo
34.9%
1900-1943China
19.6%

You're not logged in!

Compare scores with friends on all Sporcle quizzes.
OR
Log In

You Might Also Like...

Show Comments

Extras

Top Quizzes Today


Score Distribution

Your Account Isn't Verified!

In order to create a playlist on Sporcle, you need to verify the email address you used during registration. Go to your Sporcle Settings to finish the process.

Report this User

Report this user for behavior that violates our Community Guidelines.

Details: